| 000 | 01055nam a2200241Ia 4500 | ||
|---|---|---|---|
| 005 | 20240530110941.0 | ||
| 008 | 140319s2021 ua dhf f 000 0 ara d | ||
| 017 |
_a2020/7367 _bمصر. دار الكتب |
||
| 020 | _a9789777538275 | ||
| 040 |
_aGCL / _cGCL |
||
| 082 | 0 | 4 |
_221 _a345.0504 _bح م |
| 100 | 0 | _aحسن عبدالحكيم محمود على | |
| 245 | 1 | 2 |
_aالمسئولية الجنائية عن الجرائم التى ترتكب بواسطة الجسمال : _bدراسة مقارنة بين القانون الجنائى والفقه الاسلامى / _cحسن عبدالحكيم محمود على |
| 250 | _aط. 1 | ||
| 260 |
_aالاسكندرية : _bدار الوفاء لدنيا الطباعة و النشر، _c2021. |
||
| 300 |
_a268 ص. : _bايض ؛ _c24 سم. |
||
| 650 | 0 | 7 | _aالقانون الجنائى |
| 650 | 0 | 7 | _aالمسئولية الجنائية |
| 650 | 0 | 7 | _aالفقه الاسلامى |
| 650 | 0 | 7 | _aقانون العقوبات |
| 942 |
_2ddc _cBK |
||
| 999 |
_c66818 _d66818 |
||